Aproximación a la historia de España / J. Vicens Vives
Descripción Física:
177 p. ; 18 cm
Colección:
Vicens bolsillo ; 6
Materias:
Espanya -- Història
MARC
| LEADER | 00000nam a2200000Ia 4500 | ||
|---|---|---|---|
| 001 | 2242 | ||
| 008 | 160829s1986 xx 000 0 cat d | ||
| 080 | |a H-1-225 | ||
| 100 | |a Vicens Vives, Jaume |9 25605 | ||
| 245 | |a Aproximación a la historia de España / J. Vicens Vives | ||
| 250 | |a 8a. reed. | ||
| 260 | |a Barcelona : |b Vicens Vives, |c 1986 | ||
| 300 | |a 177 p. ; |c 18 cm | ||
| 490 | |a Vicens bolsillo ; 6 | ||
| 651 | 0 | |a Espanya |x Història |9 55573 | |
| 901 | |a Arxiu | ||
| 942 | |n 1 | ||
| 952 | |0 0 |1 0 |4 0 |6 H1225 |7 1 |9 48295 |a Arxiu |b Arxiu |d 2016-12-01 |l 0 |o H-1-225 |p 2242 |r 2016-12-01 00:00:00 |w 2016-12-01 |y ARXIU | ||
| 999 | |c 52101 |d 52101 | ||